000 00662nam a2200229Ia 4500
003 OSt
005 20250522122220.0
008 220927b |||||||| |||| 00| 0 eng d
020 _a9780521622851
037 _cTextual
040 _aSDCL
_cSDCL
_beng
041 _2eng
_aeng
084 _aV2:3(X5)'N4 P0
100 _aMarkovits, Claude
_9432053
245 0 _aGlobal world of Indian merchants,1750-1947 :
_b Traders of Sind from Bukhara to Panama.
260 _aNew York :
_b Cambridge University Press,
_c2000.
300 _axv,327p.
650 _2History
650 _2Traders in India
942 _cTEXL
_2CC
_n0
999 _c775915
_d775915